000 00963nam a22003257a 4500
001 BR7602546
003 BR-BrBNA
005 20230928084951.0
007 ta
008 230509b bl.||||| |||| 00| 0 por d
040 _aBR-BrBNA
_bpor
_cBiblioteca Nacional de Agricultura
041 _a(Por)
072 _aF00; F25; H10
_b0430
_b3801
_b4020
_b3877
_b/G514
090 _ 0430 BR7602546
110 1 _aQuimica Industrial Brasileira, S.A., Santo Andre, SP
245 1 _aAlgodao do plantio a colheita [Gossypium spp; Pratica cultural; Adubacao; Praga de planta; Inseto; Brasil]
260 3 _aSanto Andre, SP (Brasil):
_cMay 1976.
300 _a9 p.
500 _a10 illus.
650 _aProducao vegetal
650 _aFertilizante
650 _aPraga de planta
650 _aAlgodao
650 _aInseto
650 _aInseticida
650 _aPratica cultural
650 _aControle quimico
909 _a202309
_bLucia
_c55
_dLucia Elande
942 _cBK
999 _c22160
_d22160